| 000 | 00342nam a22001337a 4500 | ||
|---|---|---|---|
| 020 | _a978-8183601887 | ||
| 041 | _aENG | ||
| 100 | _aSharma.D.N | ||
| 245 | _aFarm Power And Machinery Management ( principles & Practices ) Vol 1 | ||
| 260 |
_aNew Delhi _bJain Brothers _c2013 |
||
| 300 | _a334 | ||
| 650 | _aFMP | ||
| 856 | _uNot To Be Issued | ||
| 999 |
_c2576 _d2576 |
||